000 00313nam a2200133Ia 4500
008 240624s9999 xx 000 0 und d
041 _aeng
082 _a823 ADI
100 _aADIGA ARAVIND
245 _aWHITE TIGER
260 _c2008
_aNew Delhi
_bFree Press
300 _a321 : p. : cm. ; 22
365 _cRS
_b20
999 _c11793
_d11793